000 00926nam a22002415i 4500
001 165039
003 ES-MaACL
005 20251003063148.0
008 950206s1883 sp a |||| | spa d
100 1 _aScott, Walter,
_cSir,
_d1771-1832
_9104957
245 1 0 _aQuintín Durward /
_cnovela histórica de sir Walter Scott ; versión directa del inglés ; ilustración alemana.
260 _aBarcelona :
_bFrancisco Pérez,
_c1883.
300 _aXXXVI, 37-582 p., [10] h. de lám. :
_bil. ;
_c19 cm.
490 1 _aBiblioteca "Arte y letras"
530 _aDisponible en formato digital.
597 _aPort. a dos tintas.
599 _aGrab. e il. xil.
752 _aEspaña -
_dMadrid
830 1 0 _aBiblioteca "Arte y letras"
_9180874
852 _aES-MaACL
_jB-728
_z- Enc. hol.
856 _uhttp://bdh-rd.bne.es/viewer.vm?id=0000132329&page=1
_zBiblioteca Digital Hispánica
999 _c165039
_d165039